| 000 | 00853nam a2200217 a 4500 | ||
|---|---|---|---|
| 001 | 44279 | ||
| 003 | BD-RjUL | ||
| 005 | 20211209053829.0 | ||
| 008 | 160716s1990 ii ||||| ||| 000 0 ben d | ||
| 035 | _a(BD-RjUL)44397 | ||
| 040 |
_aBD-RjUL _bben _cBD-RjUL |
||
| 041 | _aben | ||
| 082 |
_223 _a784.095414 _bCHB 1990 |
||
| 100 | 1 | 0 |
_aচক্রবতী, সুধীর _9135944 |
| 245 | 1 | 0 |
_aবাংলা গানের সন্ধানে / _cসুধীর চক্রবতী |
| 260 |
_aকলিকাতা : _bঅরুণা প্রকাশনী; _c১৯৯০ |
||
| 300 |
_a[১০] ২০৫ পৃ. ; _c২০ সেমি. |
||
| 650 |
_aবাংলা গান _xইতিহাস ও সমালোচনা _zভারত _9135945 |
||
| 650 |
_a Song, Bengali _xHistory and Criticism _zIndia _9135946 |
||
| 942 |
_2ddc _cBK |
||
| 999 |
_c44279 _d44279 |
||